| 000 -LEADER |
| fixed length control field |
01516cam a2200361 i 4500 |
| 003 - CONTROL NUMBER IDENTIFIER |
| control field |
OSt |
| 005 - DATE AND TIME OF LATEST TRANSACTION |
| control field |
20200310130128.0 |
| 008 - FIXED-LENGTH DATA ELEMENTS--GENERAL INFORMATION |
| fixed length control field |
141209s2014 ii a b 001 0 eng d |
| 020 ## - INTERNATIONAL STANDARD BOOK NUMBER |
| International Standard Book Number |
9789383243037 |
| 020 ## - INTERNATIONAL STANDARD BOOK NUMBER |
| International Standard Book Number |
9383243031 |
| 040 ## - CATALOGING SOURCE |
| Original cataloging agency |
DKAGE |
| Language of cataloging |
eng |
| Transcribing agency |
DKAGE |
| Description conventions |
rda |
| Modifying agency |
OCLCO |
| -- |
YDXCP |
| -- |
DLC |
| 042 ## - AUTHENTICATION CODE |
| Authentication code |
lccopycat |
| -- |
lcode |
| 043 ## - GEOGRAPHIC AREA CODE |
| Geographic area code |
a-ii--- |
| 082 04 - DEWEY DECIMAL CLASSIFICATION NUMBER |
| Classification number |
709.5485 |
| Edition number |
23 |
| Item number |
DAL |
| 100 1# - MAIN ENTRY--PERSONAL NAME |
| Personal name |
Dallapiccola, Anna L. |
| Fuller form of name |
(Anna Libera), |
| Dates associated with a name |
1944- |
| Relator term |
author. |
| 245 10 - TITLE STATEMENT |
| Title |
Rayalaseema the royal realm : |
| Remainder of title |
architecture and art of southern Andhra Pradesh / |
| Statement of responsibility, etc |
Anna L. Dallapiccola, George Michell, Anila Verghese ; photographs by Surendra Kumar. |
| 300 ## - PHYSICAL DESCRIPTION |
| Extent |
144 pages : |
| Other physical details |
illustrations (colour) ; |
| Dimensions |
33 cm |
| 500 ## - GENERAL NOTE |
| General note |
"Vol. 66 no. 1, September 2014"--Title page verso. |
| 504 ## - BIBLIOGRAPHY, ETC. NOTE |
| Bibliography, etc |
Includes bibliographical references and index. |
| 650 #0 - SUBJECT ADDED ENTRY--TOPICAL TERM |
| Topical term or geographic name as entry element |
Art, Indic |
| Geographic subdivision |
India |
| -- |
Rayalaseema. |
| 650 #0 - SUBJECT ADDED ENTRY--TOPICAL TERM |
| Topical term or geographic name as entry element |
Hindu architecture |
| Geographic subdivision |
India |
| -- |
Rayalaseema. |
| 650 #0 - SUBJECT ADDED ENTRY--TOPICAL TERM |
| Topical term or geographic name as entry element |
Hindu art |
| Geographic subdivision |
India |
| -- |
Rayalaseema. |
| 650 #0 - SUBJECT ADDED ENTRY--TOPICAL TERM |
| Topical term or geographic name as entry element |
Sculpture, Indic |
| Geographic subdivision |
India |
| -- |
Rayalaseema. |
| 650 #0 - SUBJECT ADDED ENTRY--TOPICAL TERM |
| Topical term or geographic name as entry element |
Temples |
| Geographic subdivision |
India |
| -- |
Rayalaseema. |
| 700 1# - ADDED ENTRY--PERSONAL NAME |
| Personal name |
Michell, George, |
| Relator term |
author. |
| 700 1# - ADDED ENTRY--PERSONAL NAME |
| Personal name |
Verghese, Anila, |
| Relator term |
author. |
| 700 0# - ADDED ENTRY--PERSONAL NAME |
| Personal name |
Surendra Kumar |
| Titles and other words associated with a name |
(Photographer), |
| Relator term |
photographer. |
| 710 2# - ADDED ENTRY--CORPORATE NAME |
| Corporate name or jurisdiction name as entry element |
Marg Foundation (Mumbai, India), |
| Relator term |
issuing body. |
| 856 42 - ELECTRONIC LOCATION AND ACCESS |
| Materials specified |
Contributor biographical information |
| Uniform Resource Identifier |
<a href="https://www.loc.gov/catdir/enhancements/fy1610/2014347311-b.html">https://www.loc.gov/catdir/enhancements/fy1610/2014347311-b.html</a> |
| 906 ## - LOCAL DATA ELEMENT F, LDF (RLIN) |
| a |
7 |
| b |
cbc |
| c |
copycat |
| d |
3 |
| e |
ncip |
| f |
20 |
| g |
y-gencatlg |
| 942 ## - ADDED ENTRY ELEMENTS (KOHA) |
| Source of classification or shelving scheme |
|
| 955 ## - COPY-LEVEL INFORMATION (RLIN) |
| Book number/undivided call number, CCAL (RLIN) |
wd49 2015-02-06 |
| Copy information and material description, CCAL + MDES (RLIN) |
wd39 2015-05-05 to ASME |